000 00776nam a2200229 a 4500
001 18245
003 CO-ViMGA
008 141112s2004 ck r 000 u spa d
020 _a9587001184
040 _aCO-ViMGA
_bspa
_cCO-ViMGA
082 0 4 _aMEVIGAPOR D124e
100 1 _aDackar, Henry
_925987
245 1 0 _aEnsamble Estandar
260 _aBogotá,
_cProducciones Henry Dackar Ltda.,
_c2003
300 _a94 p.
490 _aCursos autoasistidos de computacion PHD; Ensamble y Mantenimiento
505 _aPartes, Conectores, Puertos 6 - - Setup Bios 18 - - MotherBoard 28 - - MainBoard 38
590 _aForma de adquisición : donacion Min - Cultura
650 1 4 _aCOMPUTADORES - MANTENIMIENTO Y REPARACION
_925988
650 1 4 _aENSAMBLAJE
_925989
942 _2ddc
_cBK
999 _c27600
_d27600